Southville International School and Colleges
Your cart is empty.
  • Cart
  • Lists
    Public lists Eva Luna New books Lux_list list_1
    Your lists Log in to create your own lists
  • Log in to your account
  • Your cookies
  • Search history
Southville International School and Colleges
  • Advanced search
  • Recent comments
  • Most popular
  • Libraries

Log in to your account

Log in with GOOGLE


If you do not have an external account, but do have a local account, you can still log in:

  1. Home
  2. MARC view: Architecting the cloud :
Normal view MARC view ISBD view

Architecting the cloud : (Record no. 305376)

[ view plain ]
MARC details
000 -LEADER
fixed length control field 01292cam a2200349 i 4500
001 - CONTROL NUMBER
control field 17903910
003 - CONTROL NUMBER IDENTIFIER
control field SISC
005 - DATE AND TIME OF LATEST TRANSACTION
control field 20170109163620.0
008 - FIXED-LENGTH DATA ELEMENTS--GENERAL INFORMATION
fixed length control field 130930s2014 nju b 001 0 eng
010 ## - LIBRARY OF CONGRESS CONTROL NUMBER
LC control number 2013038872
020 ## - INTERNATIONAL STANDARD BOOK NUMBER
International Standard Book Number 9781118617618 (cloth)
020 ## - INTERNATIONAL STANDARD BOOK NUMBER
Cancelled/invalid ISBN 9781118826270 (epdf)
020 ## - INTERNATIONAL STANDARD BOOK NUMBER
Cancelled/invalid ISBN 9781118826461 (epub)
020 ## - INTERNATIONAL STANDARD BOOK NUMBER
Cancelled/invalid ISBN 9781118691779 (o-book)
040 ## - CATALOGING SOURCE
Original cataloging agency DLC
Language of cataloging eng
Transcribing agency DLC
Description conventions rda
Modifying agency DLC
042 ## - AUTHENTICATION CODE
Authentication code pcc
050 00 - LIBRARY OF CONGRESS CALL NUMBER
Classification number HD 30.2
Item number .K39 2014
082 00 - DEWEY DECIMAL CLASSIFICATION NUMBER
Classification number 004.67/82
100 1# - MAIN ENTRY--PERSONAL NAME
Personal name Kavis, Michael.
245 10 - TITLE STATEMENT
Title Architecting the cloud :
Remainder of title design decisions for cloud computing service models (SaaS, PaaS, and IaaS) /
Statement of responsibility, etc Michael Kavis.
260 ## - PUBLICATION, DISTRIBUTION, ETC. (IMPRINT)
Place of publication, distribution, etc NJ :
Name of publisher, distributor, etc John Wiley & Sons, Inc.,
Date of publication, distribution, etc 2014.
300 ## - PHYSICAL DESCRIPTION
Extent xxi, 199 pages ;
Dimensions 24 cm.
490 0# - SERIES STATEMENT
Series statement The Wiley CIO series
500 ## - GENERAL NOTE
General note Includes bibliographical references and index.
650 #0 - SUBJECT ADDED ENTRY--TOPICAL TERM
Topical term or geographic name as entry element Information technology
General subdivision Management.
650 #0 - SUBJECT ADDED ENTRY--TOPICAL TERM
Topical term or geographic name as entry element Cloud computing.
650 #0 - SUBJECT ADDED ENTRY--TOPICAL TERM
Topical term or geographic name as entry element Computer architecture.
776 08 - ADDITIONAL PHYSICAL FORM ENTRY
Display text Online version:
Main entry heading Kavis, Michael.
Title Architecting the cloud
Place, publisher, and date of publication Hoboken, New Jersey : John Wiley & Sons, Inc., [2014]
International Standard Book Number 9781118826270
Record control number (DLC) 2013040280
906 ## - LOCAL DATA ELEMENT F, LDF (RLIN)
a 7
b cbc
c orignew
d 1
e ecip
f 20
g y-gencatlg
942 ## - ADDED ENTRY ELEMENTS (KOHA)
Source of classification or shelving scheme Library of Congress Classification
Koha item type Books
Holdings
Withdrawn status Lost status Source of classification or shelving scheme Damaged status Home library Current library Shelving location Date acquired Source of acquisition Sub Shelving location Total Checkouts Full call number Barcode Date last seen Price effective from Koha item type
    Library of Congress Classification   College Library College Library Graduate Section 01/09/2017 Library Fund     HD 30.2 .K39 2014 C20830 03/14/2017 01/09/2017 Books

Architecting the cloud :

APA

Kavis M., . (2014). Architecting the cloud. NJ: John Wiley & Sons, Inc.

Chicago

Kavis Michael, . 2014. Architecting the cloud. NJ: John Wiley & Sons, Inc.

Harvard

Kavis M., . (2014). Architecting the cloud. NJ: John Wiley & Sons, Inc.

MLA

Kavis Michael, . Architecting the cloud. NJ: John Wiley & Sons, Inc. 2014.

  • Place hold
  • Print
  • Cite
  • Add to your cart (remove)
  • Save record
    BIBTEX Dublin Core MARCXML MARC (non-Unicode/MARC-8) MARC (Unicode/UTF-8) MARC (Unicode/UTF-8, Standard) MODS (XML) RIS
  • More searches
    Search for this title in:
    Other Libraries (WorldCat) Other Databases (Google Scholar) Online Stores (Bookfinder.com) Open Library (openlibrary.org)

Exporting to Dublin Core...

SOUTHVILLE LIBRARY

Southville International School and Colleges Library

1281 Tropical Ave. Cor. Luxembourg St., BF Homes International, Las Pinas City

Tel. No. 8256374 / 252358 Loc. 117/146

Powered by Koha